000 00866nam a2200253Ia 4500
003 GCL
008 140319s9999 xx 000 0 ara d
020 _a0593601977
040 _aGCL /
_cGCL
082 0 4 _a070.4
_bج م
100 1 _aجمال بدوى
245 1 0 _aمعارك صحفية /
_cجمال بدوى
260 _aالقاهرة :
_bالهيئة المصرية العامة للكتاب ،
_c1998
300 _a531 ص ؛
_c22 سم
490 _aتاريخ المصريين
_v128
650 0 4 _aالصحافة المصرية
650 0 4 _aحرية الصحافة
650 0 4 _aالاخلاق الصحفية
650 0 4 _aالصحف المصرية
650 0 4 _aالمقالات الصحفية
650 0 4 _aالصحافة - الجوانب السياسية
650 0 4 _aالصحافة - الجوانب الاجتماعية
942 _2ddc
_cBK
999 _c33431
_d33431